Coming Clean- Green Day - Statistics

General Stats
  • This quiz has been taken 20 times
  • The average score is 77 of 100
Answer Stats
Answer % Correct
a
93%
and
93%
clean
93%
coming
93%
first
93%
for
93%
Seventeen
93%
the
93%
time
93%
be
87%
I
87%
it
87%
to
87%
what
87%
Dad'll
80%
found
80%
man
80%
me
80%
Mom
80%
my
80%
never
80%
understand
80%
confusion
73%
happening
73%
of
73%
on
73%
out
73%
takes
73%
What's
73%
but
67%
in
67%
strung
67%
Well,
67%
disillusion
60%
inside
60%
Trapped
60%
closet
53%
come
53%
figured
53%
life
53%
no
53%
finally
47%
myself
47%
Oh
47%
dust,
40%
forget
40%
Skeletons
40%
collecting
33%
roll
33%
Secrets
33%
No matching quizzes found
Score Distribution
Percent of People with Each Score
Percentile by Number Answered
Your Score History
You have not taken this quiz